Revenue Law in Uganda / (Record no. 11700)

MARC details
000 -LEADER
fixed length control field 01509nam a22003492 4500
001 - CONTROL NUMBER
control field 0000025429
005 - DATE AND TIME OF LATEST TRANSACTION
control field 20151217154539.0
008 - FIXED-LENGTH DATA ELEMENTS--GENERAL INFORMATION
fixed length control field 150916s xx 000 0 eng d
020 ## - INTERNATIONAL STANDARD BOOK NUMBER
International Standard Book Number 9966031259 :
040 ## - CATALOGING SOURCE
Original cataloging agency KABU
Transcribing agency KABU
100 1# - MAIN ENTRY--PERSONAL NAME
Personal name Bakibinga, David.
-- 0000186012
245 10 - TITLE STATEMENT
Title Revenue Law in Uganda /
Statement of responsibility, etc. by David J. Bakibinga.
260 ## - PUBLICATION, DISTRIBUTION, ETC. (IMPRINT)
Place of publication, distribution, etc. Nairobi, Kenya :
Name of publisher, distributor, etc. lawAfrica,
Date of publication, distribution, etc. 2012.
300 ## - PHYSICAL DESCRIPTION
Extent lxi,273 p.
650 #0 - SUBJECT ADDED ENTRY--TOPICAL TERM
Topical term or geographic name as entry element Income tax
General subdivision law and legislation.
-- 0000186070
852 1# - LOCATION
-- P2500KES
852 1# - LOCATION
-- P2500KES
852 1# - LOCATION
-- P2500KES
852 1# - LOCATION
-- P2500KES
852 1# - LOCATION
-- P2500KES
852 1# - LOCATION
-- P2500KES
852 1# - LOCATION
-- P2500KES
852 1# - LOCATION
-- P2500KES
852 1# - LOCATION
-- P2500KES
852 1# - LOCATION
-- P2500KES
852 1# - LOCATION
-- P2500KES
852 1# - LOCATION
-- P2500KES
852 1# - LOCATION
-- P2500KES
852 1# - LOCATION
-- P2500KES
908 ## - PUT COMMAND PARAMETER (RLIN)
Put command parameter 150916
950 ## - LOCAL HOLDINGS (RLIN)
-- 1
Holdings
Withdrawn status Lost status Source of classification or shelving scheme Not for loan Home library Current library Date acquired Total Checkouts Full call number Barcode Date last seen Price effective from Koha item type Date last checked out
    Library of Congress Classification   Kabarak, Main Campus Kabarak, Main Campus 17/12/2015   KTW279 .B353 2012 C.2 020359 17/12/2015 17/12/2015 General Collection  
    Library of Congress Classification   Kabarak, Main Campus Kabarak, Main Campus 17/12/2015   KTW279 .B353 2012 C.3 020346 17/12/2015 17/12/2015 General Collection  
    Library of Congress Classification   Kabarak, Main Campus Kabarak, Main Campus 17/12/2015   KTW279 .B353 2012 C.4 020357 17/12/2015 17/12/2015 General Collection  
    Library of Congress Classification   Kabarak, Main Campus Kabarak, Main Campus 17/12/2015   KTW279 .B353 2012 C.5 020350 17/12/2015 17/12/2015 General Collection  
    Library of Congress Classification   Kabarak, Main Campus Kabarak, Main Campus 17/12/2015   KTW279 .B353 2012 C.6 020352 17/12/2015 17/12/2015 General Collection  
    Library of Congress Classification   Kabarak, Main Campus Kabarak, Main Campus 17/12/2015   KTW279 .B353 2012 C.7 020349 17/12/2015 17/12/2015 General Collection  
    Library of Congress Classification   Kabarak, Main Campus Kabarak, Main Campus 17/12/2015   KTW279 .B353 2012 C.8 020354 17/12/2015 17/12/2015 General Collection  
    Library of Congress Classification   Kabarak, Main Campus Kabarak, Main Campus 17/12/2015   KTW279 .B353 2012 C.9 020353 17/12/2015 17/12/2015 General Collection  
    Library of Congress Classification   Kabarak, Main Campus Kabarak, Main Campus 17/12/2015 1 KTW279 .B353 2012 C.10 020365 29/10/2018 17/12/2015 General Collection 15/10/2018
    Library of Congress Classification   Kabarak, Main Campus Kabarak, Main Campus 17/12/2015   KTW279 .B353 2012 C.11 020363 17/12/2015 17/12/2015 General Collection  
    Library of Congress Classification   Kabarak, Main Campus Kabarak, Main Campus 17/12/2015   KTW279 .B353 2012 C.12 020356 17/12/2015 17/12/2015 General Collection  
    Library of Congress Classification   Kabarak, Main Campus Kabarak, Main Campus 17/12/2015   KTW279 .B353 2012 C.13 020361 17/12/2015 17/12/2015 General Collection  
    Library of Congress Classification   Kabarak, Main Campus Kabarak, Main Campus 17/12/2015   KTW279 .B353 2012 C.14 020348 17/12/2015 17/12/2015 General Collection  
    Library of Congress Classification   Kabarak, Main Campus Kabarak, Main Campus 17/12/2015   KTW279 .B353 2012 C.15 020355 17/12/2015 17/12/2015 General Collection  
    Library of Congress Classification   Kabarak, Main Campus Kabarak, Main Campus 17/12/2015   KTW279 .B353 2012 C.1 020351 17/12/2015 17/12/2015 Africana Collection  
Designed with assistance from East African Informatics Ltd